Top Five Special Defense Pokémon in Each Type - Statistics

General Stats
  • This quiz has been taken 10 times
  • The average score is 56 of 90
Answer Stats
Type Pokémon % Correct
Normal Arceus
100%
Ice Articuno
100%
Flying Articuno
100%
Psychic Cresselia
100%
Dragon Giratina|Reshiram|Dialga
100%
Fire Heatran
100%
Fire Ho-Oh
100%
Flying Ho-Oh
100%
Water Kyogre
100%
Psychic Latias
100%
Dragon Latias
100%
Flying Lugia
100%
Psychic Lugia
100%
Ice Regice
100%
Normal Regigigas|Oranguru
100%
Steel Registeel
100%
Fire Reshiram
100%
Grass Roserade|Wormadam
100%
Bug Shuckle
100%
Rock Shuckle
100%
Ground Swampert|Groudon
100%
Fairy Sylveon
100%
Dark Umbreon
100%
Psychic Uxie
100%
Grass Virizion
100%
Fighting Virizion
100%
Normal Blissey
75%
Rock Carbink
75%
Fairy Carbink
75%
Grass Cradily
75%
Rock Diancie
75%
Fairy Diancie
75%
Ghost Dusknoir
75%
Bug Escavalier|Wormadam|Volcarona
75%
Grass Ferrothorn
75%
Fighting Gallade
75%
Ghost Giratina
75%
Dragon Goodra
75%
Steel Goodra
75%
Fighting Hitmonlee|Hitmonchan|Hitmontop
75%
Dragon Palkia
75%
Rock Probopass
75%
Steel Probopass
75%
Poison Slowking
75%
Normal Snorlax
75%
Poison Tentacruel
75%
Dark Yveltal
75%
Fighting Zamazenta
75%
Electric Zekrom
75%
Ghost Aegislash
50%
Steel Aegislash
50%
Rock Bastiodon
50%
Steel Bastiodon
50%
Ground Claydol
50%
Poison Dragalge
50%
Dragon Dragalge
50%
Ghost Dusclops
50%
Fire Flareon
50%
Bug Ledian
50%
Water Mantine
50%
Flying Mantine
50%
Flying Moltres
50%
Dark Moltres
50%
Ice Mr. Rime|Ninetales
50%
Poison Nihilego
50%
Electric Raikou
50%
Fighting Scrafty
50%
Dark Scrafty
50%
Dark Spiritomb
50%
Fire Volcarona
50%
Ground Zygarde
50%
Psychic Cosmoem
25%
Ice Cryogonal
25%
Ice Glastrier
25%
Normal Kecleon
25%
Ground Runerigus
25%
Water Wishiwashi
25%
Fairy Alcremie
0%
Water Araquanid
0%
Bug Araquanid
0%
Ghost Cursola
0%
Grass Eldegoss
0%
Electric Heliolisk
0%
Electric Jolteon
0%
Bug Orbeetle
0%
Electric Stunfisk
0%
Ground Stunfisk
0%
Fairy Tapu Fini
0%
Water Toxapex
0%
Poison Toxapex
0%
No matching quizzes found
Score Distribution
Percent of People with Each Score
Percentile by Number Answered
Your Score History
You have not taken this quiz